LEADER 00516naa a2200145 i 4500 001 000000324854 003 CaOOAMICUS 005 20180831173451.0 008 180831n it u000 u ita u 013 $a35764 040 $aSeMil$bita 245 10$aCronologia dei concerti sinfonici. 650 4$aGuarnieri, Antonio <1883-1952> - Opere.$0(OLS)http://semarc/subject/5207 773 0 $tAntonio Guarnieri.$kGrandi Maestri alla Scala$gp.81-[91]$w()63504 996 $6245$aCronologia dei concerti sinfonici.$9(OLS)http://semarc/title/398103 LEADER 00651nam a2200169 i 4500 001 000000092629 003 CaOOAMICUS 005 20160201000000.0 008 160201s1893 xx u000 u lat u 013 $a64871 040 $aSeMil$bita 245 10$a1. 300 $aXV, 35 p., [1] c. di tav. :$bill. 773 0 $aHildegardis : Bingensis $tNovae editionis operum omnium sanctae Hildegardis experimentum ...$dS. Petri Arenarii : Ex officina Hospitii S. Vincentii, 1893-1895.$g1$w()5314 850 $aSeMil 852 $aSeMil$W1$xVenegono$y1$m3J IV 9 FA$j55516$B55516$CSeMilBibl$Z2$F60230 $8I 996 $6245$a1$9(OLS)http://semarc/title/6508